Capitales des pays d'Asie (avec carte) - Statistiques

Statistiques générales
  • Ce quiz a été pris 2 461 fois
  • Le résultat moyen est 32 sur 48
Réponses sur la Carte
Les réponses sont colorées sur une échelle allant du rouge au vert en fonction du pourcentage des utilisateurs qui les ont devinées à leur premier essai. Vous pouvez retrouver ces pourcentages ci-dessous.
 
Statistiques - réponses
Capitale % Correct
Pékin
94%
Tokyo
93%
New Delhi
90%
Séoul
90%
Ankara
89%
Jérusalem
84%
Jakarta
83%
Bangkok
81%
Pyongyang
81%
Riyad
78%
Téhéran
78%
Bagdad
77%
Koweït
75%
Manille
75%
Beyrouth
74%
Damas
74%
Oulan-Bator
74%
Doha
73%
Hanoi
73%
Kaboul
72%
Islamabad
70%
Kuala Lumpur
68%
Nicosie
68%
Abou Dhabi
67%
Singapour
67%
Taipei
67%
Katmandou
66%
Bakou
65%
Dacca
64%
Erevan
64%
Noursoultan
64%
Tbilissi
64%
Amman
63%
Sanaa
63%
Phnom Penh
62%
Vientiane
61%
Mascate
58%
Malé
54%
Bichkek
52%
Dili
51%
Tachkent
50%
Achgabat
48%
Manama
48%
Douchanbé
46%
Thimphou
46%
Bandar Seri Begawan
40%
Naypyidaw
40%
Sri Jayawardenapura Kotte
36%
Aucun quiz correspondant
Distribution des résultats
% des personnes avec chaque résultat
Percentile par nombre de réponses
Votre historique - résultats
Vous n’avez pas pris ce quiz